| 000 | 01071nam a22002535i 4500 | ||
|---|---|---|---|
| 001 | 153526 | ||
| 003 | ES-MaACL | ||
| 005 | 20230907165945.0 | ||
| 008 | 950206s1881 sp |||| | spa d | ||
| 080 | _a342.5(460.22)"11/15" | ||
| 080 | _a94(460.22)"11/15" | ||
| 245 | 0 | 0 | _aDiscursos leídos en la recepción pública del Excmo. Señor D. Antonio Romero Ortiz el día 30 de enero de 1881. |
| 260 |
_aMadrid : _b[s.n.], _c1881 ( _fImprenta de Manuel G. Hernandez) |
||
| 300 |
_a57 p. ; _c24 cm. |
||
| 505 | 8 | _aRecoge el discurso de Antonio Romero Ortiz y la contestación de Víctor Balaguer | |
| 594 | _aPrecede al tít.: Real Academia de la Historia. | ||
| 650 | 4 |
_aInstituciones políticas- _zAragón (Reino) _9148272 |
|
| 651 | 4 |
_aAragón (Reino)- _xHistoria. _97791 |
|
| 700 | 1 |
_aRomero Ortiz, Antonio. _999421 |
|
| 700 | 1 |
_aBalaguer, Víctor, _d1824-1901 _924806 |
|
| 710 | 2 |
_aReal Academia de la Historia (España) _96309 |
|
| 852 |
_aES-MaACL _jL-4912(20-1) _z- Enc. hol. conservando cub. original _z- Donativo Roda |
||
| 999 |
_c153526 _d153526 |
||